ბათუმის შოთა რუსთაველის სახელმწიფო უნივერსიტეტის ბიბლიოთეკა

Политические учения Древнего Рима : (ბიბ.ჩანაწერი № 61449)

000 -LEADER
fixed length control field 00628nam a22001697a 4500
005 - DATE AND TIME OF LATEST TRANSACTION
control field 20240314155344.0
008 - FIXED-LENGTH DATA ELEMENTS--GENERAL INFORMATION
fixed length control field 240314s1977 ru ||||| |||| 00| 0 rus d
041 ## - LANGUAGE CODE
Language code of text/sound track or separate title rus
080 ## - UNIVERSAL DECIMAL CLASSIFICATION NUMBER
Universal Decimal Classification number 94(37) У-84
100 ## - MAIN ENTRY--PERSONAL NAME
Personal name Утченко, С.Л.
9 (RLIN) 20842
245 ## - TITLE STATEMENT
Title Политические учения Древнего Рима :
Remainder of title III-I вв. до н.э. /
Statement of responsibility, etc. С.Л. Утченко.
264 ## - PRODUCTION, PUBLICATION, DISTRIBUTION, MANUFACTURE, AND COPYRIGHT NOTICE
Place of production, publication, distribution, manufacture Москва :
Name of producer, publisher, distributor, manufacturer «НАУКА»,
Date of production, publication, distribution, manufacture, or copyright notice 1977.
300 ## - PHYSICAL DESCRIPTION
Extent 255 с.;
Other physical details 20 см.
653 ## - INDEX TERM--UNCONTROLLED
keyword ძველი რომის პოლიტიკური სწავლებები
653 ## - INDEX TERM--UNCONTROLLED
keyword ისტორია
942 ## - ADDED ENTRY ELEMENTS (KOHA)
Source of classification or shelving scheme
Koha item type წიგნი
ეგზემპლარები
Withdrawn status Lost status Source of classification or shelving scheme Damaged status Not for loan Permanent Location Current Location Shelving location Date acquired Cost, normal purchase price Full call number Barcode Date last seen Copy number Uniform Resource Identifier Price effective from Koha item type Public note
          ბათუმის შოთა რუსთაველის სახელმწიფო უნივერსიტეტის მთავარი ბიბლიოთეკა ბათუმის შოთა რუსთაველის სახელმწიფო უნივერსიტეტის მთავარი ბიბლიოთეკა წიგნსაცავი 2024-03-14 5.00 94(37) У-84 65790 2024-03-14 65790 ბსუ-ს საპატიო დოქტორის გურამ ლორთქიფანიძის საჩუქარი 2024-03-14 წიგნი 5 ლ.